LEADER 01834nam 2200361 450 001 996574811903316 005 20231213215913.0 010 $a1-5044-8243-3 035 $a(CKB)4100000012704722 035 $a(NjHacI)994100000012704722 035 $a(EXLCZ)994100000012704722 100 $a20231213d2022 uy 0 101 0 $aeng 135 $aur||||||||||| 181 $ctxt$2rdacontent 182 $cc$2rdamedia 183 $acr$2rdacarrier 200 10$a2302-2021 - IEEE Standard for Intercloud Interoperability and Federation (SIIF) /$fInstitute of Electrical and Electronics Engineers 210 1$a[Place of publication not identified] :$cIEEE,$d2022. 215 $a1 online resource (231 pages) 330 $aGuidance for synchronization, calibration, testing, and installation of phasor measurement units (PMUs) applied in power systems is provided. The following are addressed in this guide: (a) considerations for the installation of PMU devices based on application requirements and typical substation electrical bus configurations; (b) techniques focusing on the overall accuracy and availability of the time synchronization system; (c) test and calibration procedures for PMUs for laboratory and field applications; and (d) communications testing for connecting PMUs to other devices including phasor data concentrators. 517 $a2302-2021 - IEEE Standard for Intercloud Interoperability and Federation 606 $aStandardization 606 $aPacking (Mechanical engineering) 615 0$aStandardization. 615 0$aPacking (Mechanical engineering) 676 $a535.84 801 0$bNjHacI 801 1$bNjHacl 906 $aDOCUMENT 912 $a996574811903316 996 $a2302-2021 - IEEE Standard for Intercloud Interoperability and Federation (SIIF)$93879335 997 $aUNISA